|
|
|
|
| LEADER |
01755nam a2200409 i 4500 |
| 001 |
EBC1744595 |
| 003 |
MiAaPQ |
| 005 |
20200520144314.0 |
| 006 |
m o d | |
| 007 |
cr cnu|||||||| |
| 008 |
150601t20142014pl a ob 001 0 eng d |
| 020 |
|
|
|z 9783110401738
|
| 020 |
|
|
|a 9783110401745
|q (electronic bk.)
|
| 035 |
|
|
|a (MiAaPQ)EBC1744595
|
| 035 |
|
|
|a (Au-PeEL)EBL1744595
|
| 035 |
|
|
|a (CaPaEBR)ebr11054984
|
| 035 |
|
|
|a (OCoLC)912309573
|
| 040 |
|
|
|a MiAaPQ
|b eng
|e rda
|e pn
|c MiAaPQ
|d MiAaPQ
|
| 050 |
|
4 |
|a HD5717
|b .N33 2014
|
| 082 |
0 |
|
|a 331.12791
|2 23
|
| 100 |
1 |
|
|a Nadler, Robert,
|e author.
|
| 245 |
1 |
0 |
|a Plug&Play places :
|b lifeworlds of multilocal creative knowledge workers /
|c Robert Nadler.
|
| 264 |
|
1 |
|a Warsaw, [Poland] ;
|a Berlin, [Germany] :
|b De Gruyter Open,
|c 2014.
|
| 264 |
|
4 |
|c 2014
|
| 300 |
|
|
|a 1 online resource (436 pages) :
|b illustrations
|
| 336 |
|
|
|a text
|2 rdacontent
|
| 337 |
|
|
|a computer
|2 rdamedia
|
| 338 |
|
|
|a online resource
|2 rdacarrier
|
| 504 |
|
|
|a Includes bibliographical references and index.
|
| 588 |
|
|
|a Description based on online resource; title from PDF title page (ebrary, viewed May 27, 2015).
|
| 590 |
|
|
|a Electronic reproduction. Ann Arbor, MI : ProQuest, 2016. Available via World Wide Web. Access may be limited to ProQuest affiliated libraries.
|
| 650 |
|
0 |
|a Labor mobility.
|
| 650 |
|
0 |
|a Cultural industries.
|
| 655 |
|
4 |
|a Electronic books.
|
| 776 |
0 |
8 |
|i Print version:
|a Nadler, Robert.
|t Plug&Play places : lifeworlds of multilocal creative knowledge workers.
|d Warsaw, [Poland] ; Berlin, [Germany] : De Gruyter Open, c2014
|h 424 pages
|z 9783110401738
|
| 797 |
2 |
|
|a ProQuest (Firm)
|
| 856 |
4 |
0 |
|u https://ebookcentral.proquest.com/lib/matrademy/detail.action?docID=1744595
|z Click to View
|